01814nam a22003737a 4500003000400000005001700004008004100021040002200062082001500084100004300099245001500142260006100157300002000218366000800238490002300246505001400269505004400283505005300327505010100380505013900481505023500620505004300855505005500898650005200953650005101005650004801056650004301104650004701147650004401194700003601238942002601274999001501300952012501315OSt20230608104001.0221006b |||||||| |||| 00| 0 eng d cBiblioteca Lado V a800bC823f 9848aCorrales Arias, Adrianoedirector aFronteras/ aInstituto Tecnológico de Costa Rica c2000bCosta Rica c21.5x31cma96p. espa a8v2000x1409-0236 tEDITORIAL tTertuliaaEntrevista con Harold Fonseca tRaices aRaices de vida Las sombras son propias tReflexionesaOscar Wilde: Del arte por el arte a una cena con panteras El objeto y sus palabras tComunidadesa¿Vestiremos las musas en trajes negros? La construcción de la identidad Escenarios filosóficos El viejo incendio  tTrapichea1er, Encuentro de Poetas Nicaragüenses y Costarricenses Epístola a los poetas de la frontera Costa Rica y Nicaragua Poesía del encuentro Conclusiones Cuento: Liudmila Poesía: Carta a Piero della Francesca  tADUANAaLibros Revistas y Suplementos tA la ticaaEl ambiente tico y los mitos tropicales 2Tesauro de Arte & ArquitecturaaLITERATURA9703 2Tesauro de Arte & ArquitecturaaNARRATIVA9702 2Tesauro de Arte & ArquitecturaaCUENTO9702 2Tesauro de Arte & ArquitecturaaPOESIA 2Tesauro de Arte & ArquitecturaaCOSTA RICA 2Tesauro de Arte & ArquitecturaaCULTURA aNavarreta, Jose Antonioeeditor 2ddcc1h800iC823fn0 c3823d3823 00102ddc3200040708RevistasaLVbLVd2023-06-08h8i003382l0o800 C823fp003382r2023-06-08 00:00:00w2023-06-08y1